000 00810cab a22002175a 4500
001 L159897
008 150113e2018 xxk 000 0 eng d
035 _a(Sirsi) u159897
041 0 _aeng
100 1 _aSturgis, Simon
245 0 4 _aThe whole picture
_h[electronic resource]
260 _aLondon
_bRICS
_c2018
490 _aRICS Building Surveying Journal
_vMarch - April 2018, 8-9(2)
520 _aReviews the recently published RICS Whole life carbon assessment for the built environment professional statement.
650 2 4 _aWHOLE LIFE APPRAISAL
650 2 4 _aCARBON EMISSIONS
651 4 _aUnited Kingdom
_y
690 _aQuantity surveying
_96263
856 4 0 _uhttps://issuu.com/ricsmodus/docs/building_surveying_journal_march_ap_aa689a2c570f4c
_yAvailable free online via Issuu
942 _n0
_2ddc
999 _c85051
_d85051